000 00457nam a2200193Ia 4500
008 101110s9999 xx 000 0 und d
041 _aENGLISH
082 _bSR7471
100 _aDavar S.R.
245 _aLaw and Practice of Banking
365 _b16.5
520 _aCommerce
546 _aENGLISH
630 _aLaw and Practice of Banking
650 _aCommerce
655 _aCommerce
730 _aLaw and Practice of Banking
942 _cBOOK
999 _c803145
_d803142